000 00514nam a2200205Ia 4500
001 8215
003 IVS
005 20250626025600.0
008 211022s9999 xx 000 0 und d
040 _cIVS
082 _a700 AME
100 _aAmeena Raza
245 0 _aIslamiazation or terrorism
260 _aKarachi
260 _bIndus Valley School
260 _c2005
300 _av. p.
856 _uhttps://drive.google.com/file/d/1PtONoHOjkDrXsXZ_nbTLeB5G6AYD9Py2/view?usp=sharing
942 _cDISS
_2ddc
_n0
999 _c5717
_d5717